000 01067nam0a22002891 4500
001 RU\NLR\INFOCOMM_190\5000070241
005 20250613095527.0
035 _a(NLR Aleph) 009297678
090 _a9259430
_c9259430
100 _a20101011d1971 |||y0rusy50 ca
101 1 _aspa
_crus
102 _aRU
105 _ay ||||000|y
200 1 _aProblemas de algebra superior
_fD. Faddieev, I. Sominski
_gTrad. del ruso por Emiliano Aparicio Bernardo ...
210 _aΜ.
_c"Mir"
_d1971
215 _a276, [6] с.
_d22 см
300 _aДоп. тит. л. на рус. яз.: Д. К. Фаддеев, И. С. Соминский. Сборник задач по высшей алгебре
686 _aВ152я73-4
_2rubbk
700 1 _9z01790
_aFaddeev
_bD. K.
_f1907-
_gDmitrij Konstantinovič
_4070
701 1 _9z02790
_aSominskij
_bI. S.
_f1900-
_gIl'ja Samuilovič
_4070
790 1 _9z01700
_aFaddieev
_bD.
_4070
790 1 _9z02701
_aSominski
_bI.
_4070
801 1 _aRU
_bNLR
_c20101011
801 0 _aRU
_bNLR
_gPSBO
852 _aNLR
_jМт01 Д-5/77
942 _cBOOK
980 _aNB